| 000 | 00833nam a22002537a 4500 | ||
|---|---|---|---|
| 999 |
_c15247 _d15247 |
||
| 003 | AR-CdUCM | ||
| 008 | 190426b ||||| |||| 00| 0 spa d | ||
| 020 | _a978-607-618-004-4 | ||
| 040 |
_aMUNICIPALIDAD PROVINCIAL DEL CUSCO _cBIBLIOTECA MUNICIPAL DEL CUSCO |
||
| 082 |
_aPI / 800 / _bD82 |
||
| 110 |
_aDisney enterprises _932870 |
||
| 245 | _aTesoro de cuentos / | ||
| 260 |
_aMexico : _bAdvanced marketing, _c2013. |
||
| 300 |
_a604 paginas ; _bIlustraciones, _c23 cm. |
||
| 505 | _aContenido : Cars -- Toy story. | ||
| 650 |
_aCuentos para niñas (os) _933717 |
||
| 650 |
_aCuentos de aventuras _934290 |
||
| 650 |
_aCars _934204 |
||
| 650 |
_aLiteratura infantil _9588 |
||
| 650 |
_aToy story _934236 |
||
| 700 |
_aCaballero del Moral, Samantha (Traducción) _933101 |
||
| 942 |
_2ddc _cLIBROS |
||
| 945 |
_awnts _d2019-04-26 |
||